| 000 | 00000nas 2200000zi 4500 |
| 001 | 9.872132 |
| 003 | CaOODSP |
| 005 | 20221107163554 |
| 006 | m go # f000 0 |
| 007 | cr ||||||||||| |
| 008 | 190426d20042006oncar p o f0 a0eng|d |
| 040 | |aCaOODSP|beng|erda|cCaOODSP |
| 043 | |an-cn--- |
| 086 | 1 |aCC402-2/1E-PDF |
| 110 | 2 |aCanadian Air Transport Security Authority. |
| 245 | 10|aAnnual report on the Access to Information Act. |
| 264 | 1|a[Ottawa : |bCanadian Air Transport Security Authority, |c2004-2006]. |
| 310 | |aAnnual |
| 336 | |atext|btxt|2rdacontent |
| 337 | |aComputer|bc|2rdamedia |
| 338 | |aonline resource|bcr|2rdacarrier |
| 362 | 1 |aBegan with 2003/2004; ceased with 2005/2006. |
| 500 | |aIssued also in French under title: Rapport annuel sur la Loi sur l’accès à l’information. |
| 580 | |aMerged with: Annual report on the administration of the Privacy Act, to become: Annual reports on the administration of the Access to Information Act and Privacy Act. |
| 692 | 07|2gccst|aAccess to information |
| 775 | 08|tRapport annuel sur la Loi sur l'accès à l'information. |w(CaOODSP)9.872134 |
| 785 | 00|tAnnual reports on the administration of the Access to Information Act and Privacy Act |w(CaOODSP)9.804328 |